Trên đường tìm hiểu sự nghiệp thơ văn Nguyễn Trãi

Сохранить в:
Библиографические подробности
Формат:
Язык:Undetermined
Опубликовано: Hà Nội Văn học 1980
Предметы:
Метки: Добавить метку
Нет меток, Требуется 1-ая метка записи!
Thư viện lưu trữ: Trung tâm Học liệu Trường Đại học Cần Thơ
LEADER 00652nam a2200181Ia 4500
001 CTU_46669
008 210402s9999 xx 000 0 und d
082 |a 895.922092 
082 |b Tr254 
245 0 |a Trên đường tìm hiểu sự nghiệp thơ văn Nguyễn Trãi 
245 0 |c Chương Thâu biên soạn 
260 |a Hà Nội 
260 |b Văn học 
260 |c 1980 
526 |a Văn học Việt Nam trung đại 1 (thế kỷ X-nửa đầu XVIII) 
526 |b SP515 
650 |a vienamese literature - 15th century - history and criticism 
980 |a Trung tâm Học liệu Trường Đại học Cần Thơ